Dicionário ilustrado da língua portuguesa (Registo nº 200341)

Detalhes MARC
000 -Etiqueta do registo
Valores 00493nam 22001693 4500
021 ## - Número do Depósito Legal
Número 24361/88
100 ## - Dados gerais de processamento
Dados gerais 20260203d u||y0pory50 ba
200 ## - Titulo e menção de responsabilidade
Título próprio Dicionário ilustrado da língua portuguesa
Primeira menção de responsabilidade Francisco Fernandes
210 ## - Publicação
Local de publicação Lisboa
Nome do editor Editorial Verbo
Data de publicação 1984
215 ## - Descrição física 
Paginação / Volumes 4 vols.(1875 p.)
Outras indicações físicas encadernado
Dimensões 25 cm
606 ## - Nome comum usado como assunto
ID Autoridade 3131
Palavra de ordem Dicionários
700 ## - Autor principal (pessoa individual)
ID Autoridade 16152
Apelido Fernandes
Nome Francisco
801 ## - Fonte de origem
País PT
Agência BMMN
Regras de catalogação RPC
830 ## - Notas gerais do catalogador
Criado por Fernando
Indexado por Fernando
990 ## - Elementos KOHA
Tipo de documento Livro
Exemplares
Situação do levantamento Biblioteca de origem Código de barras Cota Permissão de empréstimo Tipo de documento Forma de aquisição
  Biblioteca Municipal de Montemor-o-Novo 29490 030 FER|DEP vol. 1   Livro Compra
  Biblioteca Municipal de Montemor-o-Novo 29491 030 FER|DEP vol. 2   Livro Compra
  Biblioteca Municipal de Montemor-o-Novo 29492 030 FER|DEP vol. 3   Livro Compra
  Biblioteca Municipal de Montemor-o-Novo 29493 030 FER|DEP vol. 4   Livro Compra

Powered by Koha